000 00411nam a2200169Ia 4500
008 180921t2015 xxu||||| |||| 00| 1 sin d
041 _asin
080 _aX8C31
_bLAL
100 _aLalani, Srima
245 _aසුදු කහට
246 _aSudu Kahata
260 _bFast Publishing
_aColombo
_c2015
300 _a149p., 21cm
942 _cBK
999 _c8678
_d8678
003 LK-CoDNM
040 _aLK-CoDNM
_dLK-CoDNM
_eLK-CoDNM